[Event "BCF-chT2b 1314 (4NCL)"]
[Site "England"]
[Date "2013.11.16"]
[Round "1.82"]
[White "Mordue, A Tyson"]
[Black "Cooksey, Paul S"]
[Result "0-1"]
[WhiteElo "2208"]
[BlackElo "2306"]
[PlyCount "86"]
[EventDate "2013.11.16"]
[EventType "team-swiss"]
[EventRounds "11"]
[EventCountry "ENG"]
[SourceTitle "CBM 157 Extra"]
[Source "ChessBase"]
[SourceDate "2013.12.19"]
[SourceVersion "1"]
[SourceVersionDate "2013.12.19"]
[SourceQuality "1"]
[WhiteTeam "Brown Jack"]
[BlackTeam "BCM Dragons"]
[WhiteTeamCountry "ENG"]
[BlackTeamCountry "ENG"]

1. e4 d6 2. d4 Nf6 3. Nc3 e5 4. Nf3 Nbd7 5. Be2 c6 6. 0-0 b5 7. a3 Be7 8. Re1 0-0 9. Bf1 Bb7 10. Bg5 Qc7 11. Qd2 Rfe8 12. Rad1 Bf8 13. dxe5 dxe5 14. h3 h6 15. Be3 Nc5 16. Bd3 a5 17. Bxc5 Bxc5 18. Ne2 Bf8 19. Ng3 g6 20. Qe3 Bc8 21. Bf1 Qa7 22. Qxa7 Rxa7 23. c4 b4 24. a4 Nd7 25. b3 Nc5 26. Rb1 Rd7 27. Be2 Kg7 28. Red1 f5 29. exf5 Rxd1+ 30. Bxd1 Bxf5 31. Nxf5+ gxf5 32. Bc2 Kf6 33. Rd1 Ne6 34. Rd7 Bc5 35. Rh7 e4 36. Ne1 Rd8 37. g4 Rd2 38. Rxh6+ Ke5 39. gxf5 Bxf2+ 40. Kf1 Nd4 41. f6 Nf5 42. Nf3+ exf3 43. Bxf5 Be3 0-1

[Event "GBR-ch 100th"]
[Site "Torquay"]
[Date "2013.08.09"]
[Round "11"]
[White "Mordue, A Tyson"]
[Black "Henderson, David"]
[Result "1/2-1/2"]
[WhiteElo "2256"]
[BlackElo "2053"]
[PlyCount "35"]
[EventDate "2013.07.29"]
[EventType "swiss"]
[EventRounds "11"]
[EventCountry "ENG"]
[SourceTitle "EXT 2014"]
[Source "ChessBase"]
[SourceDate "2013.11.20"]
[SourceVersion "1"]
[SourceVersionDate "2013.11.20"]
[SourceQuality "1"]

1. e4 e5 2. Nf3 Nc6 3. Bb5 f5 4. Nc3 fxe4 5. Nxe4 d5 6. Nxe5 dxe4 7. Nxc6 Qg5 8. Qe2 Nf6 9. f4 Qxf4 10. Ne5+ c6 11. d4 Qh4+ 12. g3 Qh3 13. Bc4 Be6 14. Bf4 0-0-0 15. 0-0-0 Bd6 16. Bxe6+ Qxe6 17. Kb1 Rhf8 18. Rhe1 1/2-1/2

[Event "GBR-ch 100th"]
[Site "Torquay"]
[Date "2013.07.31"]
[Round "3"]
[White "Surtees, Michael"]
[Black "Mordue, A Tyson"]
[Result "1/2-1/2"]
[WhiteElo "2106"]
[BlackElo "2256"]
[PlyCount "48"]
[EventDate "2013.07.29"]
[EventType "swiss"]
[EventRounds "11"]
[EventCountry "ENG"]
[SourceTitle "CBM 155 Extra"]
[Source "ChessBase"]
[SourceDate "2013.08.26"]
[SourceVersion "1"]
[SourceVersionDate "2013.08.26"]
[SourceQuality "1"]

1. e4 c5 2. c3 d5 3. f3 e6 4. Nh3 Nf6 5. d3 Nc6 6. Nf2 Be7 7. g3 0-0 8. Bg2 e5 9. 0-0 Be6 10. Na3 Qd7 11. f4 exf4 12. gxf4 dxe4 13. dxe4 Qxd1 14. Rxd1 Rad8 15. Re1 Rfe8 16. Bf3 Bf8 17. Be3 a6 18. b3 Nd7 19. Nc2 f5 20. e5 g5 21. fxg5 Ndxe5 22. Bg2 Bd5 23. Bxd5+ Rxd5 24. Red1 Red8 1/2-1/2

[Event "BCF-chT3 1213 (4NCL)"]
[Site "England"]
[Date "2013.05.06"]
[Round "11.95"]
[White "Mordue, A Tyson"]
[Black "Jones, Christopher M"]
[Result "1/2-1/2"]
[WhiteElo "2256"]
[BlackElo "2072"]
[PlyCount "37"]
[EventDate "2012.11.03"]
[EventType "team-swiss"]
[EventRounds "11"]
[EventCountry "ENG"]
[SourceTitle "EXT 2014"]
[Source "ChessBase"]
[SourceDate "2013.11.20"]
[SourceVersion "1"]
[SourceVersionDate "2013.11.20"]
[SourceQuality "1"]
[WhiteTeam "Brown Jack"]
[BlackTeam "The Rookies"]
[WhiteTeamCountry "ENG"]
[BlackTeamCountry "ENG"]

1. e4 e5 2. Nf3 Nf6 3. Nxe5 d6 4. Nf3 Nxe4 5. d4 d5 6. Bd3 Be7 7. 0-0 Nc6 8. c4 Nb4 9. Be2 0-0 10. a3 Nc6 11. Nc3 Nxc3 12. bxc3 Bf5 13. cxd5 Qxd5 14. Bf4 Rac8 15. Re1 Rfe8 16. c4 Qe4 17. Qd2 Bf6 18. Rad1 Qc2 19. Qxc2 1/2-1/2

[Event "BCF-chT3 1213 (4NCL)"]
[Site "England"]
[Date "2013.05.04"]
[Round "9.85"]
[White "Mordue, A Tyson"]
[Black "Milson, Samuel"]
[Result "1-0"]
[WhiteElo "2256"]
[BlackElo "1996"]
[PlyCount "71"]
[EventDate "2012.11.03"]
[EventType "team-swiss"]
[EventRounds "11"]
[EventCountry "ENG"]
[SourceTitle "EXT 2014"]
[Source "ChessBase"]
[SourceDate "2013.11.20"]
[SourceVersion "1"]
[SourceVersionDate "2013.11.20"]
[SourceQuality "1"]
[WhiteTeam "Brown Jack"]
[BlackTeam "e2e4.org.uk III"]
[WhiteTeamCountry "ENG"]
[BlackTeamCountry "ENG"]

1. e4 e5 2. Nf3 Nc6 3. Bb5 a6 4. Ba4 Nf6 5. 0-0 Be7 6. Re1 b5 7. Bb3 0-0 8. d4 d6 9. c3 Bg4 10. Be3 Na5 11. Bc2 Re8 12. Nbd2 Bf8 13. b3 exd4 14. cxd4 c5 15. dxc5 dxc5 16. Qb1 Nc6 17. Bg5 Bxf3 18. Nxf3 h6 19. Bh4 Ne5 20. Nxe5 Rxe5 21. f4 Rh5 22. Bg3 c4 23. Qd1 Rc5 24. Qe2 Rcc8 25. e5 Bc5+ 26. Kh1 Nd7 27. Rad1 Qe7 28. Qg4 Nf8 29. f5 f6 30. exf6 Qxf6 31. Bh4 Qf7 32. Be4 Kh8 33. Bd5 Qa7 34. f6 c3 35. fxg7+ Qxg7 36. Bf6 1-0

[Event "BCF-chT3S 1213 (4NCL)"]
[Site "England"]
[Date "2012.11.04"]
[Round "2.65"]
[White "Hilton, Tim"]
[Black "Mordue, A Tyson"]
[Result "0-1"]
[WhiteElo "1726"]
[BlackElo "2256"]
[PlyCount "100"]
[EventDate "2012.11.03"]
[EventType "team-swiss"]
[EventRounds "6"]
[EventCountry "ENG"]
[SourceTitle "EXT 2014"]
[Source "ChessBase"]
[SourceDate "2013.11.20"]
[SourceVersion "1"]
[SourceVersionDate "2013.11.20"]
[SourceQuality "1"]
[WhiteTeam "e2e4.org.uk IV"]
[BlackTeam "Brown Jack"]
[WhiteTeamCountry "ENG"]
[BlackTeamCountry "ENG"]

1. d4 Nf6 2. c4 g6 3. Nc3 Bg7 4. e4 d6 5. f3 0-0 6. Be3 e5 7. d5 Nh5 8. Qd2 f5 9. Bd3 Nd7 10. 0-0-0 Ndf6 11. Nge2 a6 12. Kb1 Bd7 13. Nc1 Qe7 14. b4 fxe4 15. Nxe4 b5 16. Nb3 bxc4 17. Bxc4 Nxe4 18. fxe4 Nf6 19. Bd3 Ng4 20. Bg5 Bf6 21. Bxf6 Rxf6 22. Rc1 Rf2 23. Qc3 Rxg2 24. Bf1 Rxh2 25. Rxh2 Nxh2 26. Bd3 Ra7 27. Na5 Nf3 28. Bxa6 Nd4 29. Bd3 Qf7 30. Rf1 Qe8 31. Bc4 Bb5 32. Rf2 Bxc4 33. Qxc4 Qb5 34. Qxb5 Nxb5 35. Kb2 h5 36. Nc6 Ra3 37. Ne7+ Kg7 38. Rg2 g5 39. Nf5+ Kf6 40. Rf2 Kg6 41. Ne7+ Kg7 42. Nf5+ Kh7 43. Ne7 g4 44. Nf5 Ra8 45. Kb3 Nd4+ 46. Nxd4 exd4 47. Rf7+ Kh6 48. Rxc7 g3 49. Rc2 h4 50. Rg2 Rg8 0-1

[Event "BCF-chT3S 1213 (4NCL)"]
[Site "England"]
[Date "2012.11.03"]
[Round "1.65"]
[White "Mordue, A Tyson"]
[Black "Jackson, Gary"]
[Result "1-0"]
[WhiteElo "2256"]
[BlackElo "1896"]
[PlyCount "59"]
[EventDate "2012.11.03"]
[EventType "team-swiss"]
[EventRounds "6"]
[EventCountry "ENG"]
[SourceTitle "EXT 2014"]
[Source "ChessBase"]
[SourceDate "2013.11.20"]
[SourceVersion "1"]
[SourceVersionDate "2013.11.20"]
[SourceQuality "1"]
[WhiteTeam "Brown Jack"]
[BlackTeam "Banbury Bulldogs"]
[WhiteTeamCountry "ENG"]
[BlackTeamCountry "ENG"]

1. e4 c5 2. Nf3 d6 3. d4 cxd4 4. Nxd4 Nf6 5. Nc3 g6 6. Be3 Bg7 7. f3 Nc6 8. Qd2 Bd7 9. Bc4 Rc8 10. Bb3 Ne5 11. 0-0 0-0 12. Nd5 Nc4 13. Bxc4 Rxc4 14. b3 Rc8 15. c4 a6 16. a4 Nxd5 17. exd5 b5 18. cxb5 axb5 19. axb5 Rb8 20. Ra7 Bxb5 21. Rc1 Re8 22. Nc6 Bxc6 23. dxc6 Rxb3 24. Rb7 Rxb7 25. cxb7 Qb8 26. Qb4 d5 27. Qb5 Rf8 28. Qxd5 e6 29. Qd7 Be5 30. Rc8 1-0

[Event "BCF-chT3 1011 (4NCL)"]
[Site "England"]
[Date "2010.11.06"]
[Round "1.43"]
[White "Mordue, A Tyson"]
[Black "Vikanis, Eglis"]
[Result "1-0"]
[WhiteElo "2258"]
[BlackElo "1882"]
[PlyCount "117"]
[EventDate "2010.11.06"]
[EventType "team-swiss"]
[EventRounds "9"]
[EventCountry "ENG"]
[SourceTitle "CBM 139 Extra"]
[Source "ChessBase"]
[SourceDate "2011.01.05"]
[SourceVersion "1"]
[SourceVersionDate "2011.01.05"]
[SourceQuality "1"]
[WhiteTeam "Braille Chess Association"]
[BlackTeam "Banbury Bulldogs"]
[WhiteTeamCountry "ENG"]
[BlackTeamCountry "ENG"]

1. e4 e5 2. Nf3 Nc6 3. Bb5 d6 4. d4 exd4 5. Nxd4 Bd7 6. Nc3 Nf6 7. 0-0 Be7 8. Re1 0-0 9. Bxc6 bxc6 10. b3 c5 11. Nde2 Bg4 12. f3 Bh5 13. Nf4 Bg6 14. Bb2 c6 15. Qe2 Nd7 16. Rad1 Ne5 17. Na4 Qc7 18. c4 Rad8 19. Bc3 Bf6 20. Kh1 Nd7 21. Bxf6 Nxf6 22. Nc3 Rfe8 23. Nxg6 hxg6 24. Qf2 Re5 25. Rd2 Qe7 26. Red1 Rh5 27. Qg3 Ne8 28. f4 Nc7 29. e5 d5 30. cxd5 Nxd5 31. Nxd5 cxd5 32. Rxd5 Rxd5 33. Rxd5 Rf5 34. h3 g5 35. Qd3 g6 36. Rd7 Qe6 37. Rd6 Qe7 38. e6 gxf4 39. exf7+ Rxf7 40. Qxg6+ Rg7 41. Qe6+ Qxe6 42. Rxe6 Rc7 43. Re4 Rf7 44. Kg1 Kg7 45. Kf2 Rd7 46. Kf3 Rd3+ 47. Kxf4 Rd2 48. g4 Rxa2 49. Ra4 Rf2+ 50. Kg5 Rf7 51. h4 Rb7 52. h5 Rxb3 53. Rxa7+ Kf8 54. Rc7 Rb5 55. h6 c4+ 56. Kg6 Rb6+ 57. Kh5 Rb4 58. g5 Ra4 59. Rc8+ 1-0

[Event "Paignton Bruce Premier"]
[Site "Paignton"]
[Date "2010.09.05"]
[Round "1"]
[White "Brusey, Alan W"]
[Black "Mordue, A Tyson"]
[Result "0-1"]
[WhiteElo "2045"]
[BlackElo "2260"]
[PlyCount "56"]
[EventDate "2010.09.05"]
[EventType "swiss"]
[EventRounds "7"]
[EventCountry "ENG"]
[SourceTitle "EXT 2023"]
[Source "ChessBase"]
[SourceDate "2022.10.05"]
[SourceVersion "1"]
[SourceVersionDate "2022.10.05"]
[SourceQuality "1"]

1. e4 c5 2. Nf3 e6 3. c3 d5 4. exd5 Qxd5 5. d4 Nf6 6. Be3 cxd4 7. cxd4 Nc6 8. Nc3 Qd6 9. a3 Be7 10. Bd3 0-0 11. 0-0 b6 12. Qc2 Bb7 13. Rfd1 Rac8 14. Rac1 g6 15. h4 Rfd8 16. b4 a6 17. Qd2 Qb8 18. Ne4 Nxe4 19. Bxe4 Nxd4 20. Bxd4 Bxe4 21. Rxc8 Qxc8 22. Qh6 Bf8 23. Qf4 Bxf3 24. Qxf3 Qc2 25. Kh2 Bg7 26. Bxg7 Qxd1 27. Qf6 Qd6+ 28. g3 e5 0-1

[Event "BCF-chT3 0910 (4NCL)"]
[Site "England"]
[Date "2010.05.02"]
[Round "10.3"]
[White "Mordue, A Tyson"]
[Black "Duggan, Christopher"]
[Result "1-0"]
[WhiteElo "2273"]
[BlackElo "2031"]
[PlyCount "93"]
[EventDate "2009.10.24"]
[EventType "team-tourn"]
[EventRounds "11"]
[EventCountry "ENG"]
[SourceTitle "EXT 2011"]
[Source "ChessBase"]
[SourceDate "2010.11.26"]
[SourceVersion "1"]
[SourceVersionDate "2010.11.26"]
[SourceQuality "1"]
[WhiteTeam "Braille Chess Association"]
[BlackTeam "Oxford II"]
[WhiteTeamCountry "ENG"]
[BlackTeamCountry "ENG"]

1. e4 c5 2. Nf3 Nc6 3. d4 cxd4 4. Nxd4 e5 5. Nb5 a6 6. Nd6+ Bxd6 7. Qxd6 Qf6 8. Qd1 Qg6 9. Nc3 d5 10. Nxd5 Qxe4+ 11. Be3 Nd4 12. Nc7+ Ke7 13. Rc1 Bg4 14. Qd3 Qxd3 15. Bxd3 Rd8 16. h3 Bh5 17. f4 Kd6 18. Nxa6 bxa6 19. g4 Bg6 20. Bxd4 exd4 21. f5 Nf6 22. 0-0 Rb8 23. b3 Rhe8 24. fxg6 fxg6 25. Rf4 Re3 26. Rxd4+ Ke5 27. Ra4 Nd5 28. Ra5 Kd4 29. Rd1 Nc3 30. Rd2 Re1+ 31. Kf2 Rd1 32. Rxd1 Nxd1+ 33. Kg3 Nb2 34. Rxa6 Nxd3 35. Rd6+ Ke4 36. Rxd3 Rc8 37. Rd2 Rc3+ 38. Kg2 h5 39. a4 h4 40. a5 Rc5 41. a6 Ke3 42. a7 Rc8 43. Rd3+ Ke4 44. Rc3 Rd8 45. Kf2 g5 46. Rc4+ Kd5 47. Rc7 1-0

[Event "BCF-chT3 0910 (4NCL)"]
[Site "England"]
[Date "2010.01.16"]
[Round "3.2"]
[White "Mordue, A Tyson"]
[Black "Combie, Alexander"]
[Result "0-1"]
[WhiteElo "2286"]
[BlackElo "1945"]
[PlyCount "114"]
[EventDate "2009.10.24"]
[EventType "team-tourn"]
[EventRounds "11"]
[EventCountry "ENG"]
[SourceTitle "EXT 2011"]
[Source "ChessBase"]
[SourceDate "2010.11.26"]
[SourceVersion "1"]
[SourceVersionDate "2010.11.26"]
[SourceQuality "1"]
[WhiteTeam "Braille Chess Association"]
[BlackTeam "Nottinghamshire II"]
[WhiteTeamCountry "ENG"]
[BlackTeamCountry "ENG"]

1. e4 c5 2. Nf3 d6 3. d4 cxd4 4. Nxd4 Nf6 5. Nc3 a6 6. Bg5 e6 7. f4 Nc6 8. Qd2 h6 9. Bxf6 Qxf6 10. Nf3 Be7 11. 0-0-0 g5 12. g3 gxf4 13. gxf4 Ne5 14. Nd4 Ng6 15. f5 Ne5 16. Kb1 Qg5 17. Bh3 Qxd2 18. Rxd2 Bg5 19. Rg2 Ke7 20. Na4 Nc4 21. fxe6 fxe6 22. Nf3 b5 23. Nc3 b4 24. Nd1 Bb7 25. Nxg5 hxg5 26. Rxg5 Bxe4 27. Bg2 Rag8 28. Rxg8 Rxg8 29. Bxe4 Nd2+ 30. Kc1 Nxe4 31. h4 Rh8 32. c3 bxc3 33. Nxc3 Nxc3 34. bxc3 Rh5 35. Kc2 d5 36. Kb3 Kd6 37. Kb4 Kc6 38. a4 Kb6 39. a5+ Kc6 40. Rh2 e5 41. c4 d4 42. Re2 Kd6 43. Re4 Ke6 44. Kc5 Rh8 45. Kb6 Kf5 46. Re1 e4 47. c5 e3 48. c6 Ke4 49. Kxa6 d3 50. c7 d2 51. Rb1 Rc8 52. Kb7 Rxc7+ 53. Kxc7 e2 54. a6 d1Q 55. a7 Qc2+ 56. Kd8 Qa2 57. Rb7 Qg8+ 0-1

[Event "BCF-chT3 0809 (4NCL)"]
[Site "Hinckley Island"]
[Date "2008.10.19"]
[Round "2.1"]
[White "Pickard, Charles W"]
[Black "Mordue, A Tyson"]
[Result "1/2-1/2"]
[WhiteElo "2199"]
[BlackElo "2292"]
[PlyCount "52"]
[EventDate "2008.10.18"]
[EventType "team-swiss"]
[EventRounds "11"]
[EventCountry "ENG"]
[SourceTitle "EXT 2010"]
[Source "ChessBase"]
[SourceDate "2010.11.25"]
[SourceVersion "1"]
[SourceVersionDate "2010.11.25"]
[SourceQuality "1"]
[WhiteTeam "Cambridge II"]
[BlackTeam "Braille Chess Association"]
[WhiteTeamCountry "ENG"]
[BlackTeamCountry "ENG"]

1. c4 g6 2. g3 Bg7 3. Bg2 d6 4. d4 Nf6 5. Nf3 0-0 6. 0-0 Nbd7 7. Qc2 e5 8. Rd1 Qe7 9. Nc3 c6 10. e4 a5 11. dxe5 dxe5 12. Na4 b5 13. cxb5 cxb5 14. Nc3 Bb7 15. Bg5 Qc5 16. Qe2 b4 17. Bxf6 Nxf6 18. Nd5 Nxd5 19. exd5 e4 20. Ng5 Bxd5 21. Rac1 Bc4 22. Qg4 Qb5 23. Qh4 h6 24. Nxe4 Be2 25. Nd6 Qh5 26. Qxh5 Bxh5 1/2-1/2

[Event "Paington op"]
[Site "Paington"]
[Date "2008.09.04"]
[Round "5"]
[White "Arkell, Keith C"]
[Black "Mordue, A Tyson"]
[Result "1-0"]
[WhiteElo "2506"]
[BlackElo "2298"]
[PlyCount "103"]
[EventDate "2008.08.31"]
[EventType "swiss"]
[EventRounds "7"]
[EventCountry "ENG"]
[SourceTitle "EXT 2010"]
[Source "ChessBase"]
[SourceDate "2010.11.25"]
[SourceVersion "1"]
[SourceVersionDate "2010.11.25"]
[SourceQuality "1"]

1. d4 Nf6 2. Nf3 g6 3. c4 Bg7 4. g3 d6 5. Bg2 Nbd7 6. d5 0-0 7. 0-0 Nc5 8. Nc3 a5 9. Nd4 e5 10. dxe6 fxe6 11. Bg5 c6 12. Nb3 Nxb3 13. axb3 d5 14. e4 h6 15. Bxf6 Qxf6 16. exd5 exd5 17. cxd5 cxd5 18. Nxd5 Qd4 19. Qc2 Bf5 20. Ne7+ Kh7 21. Nxf5 Rxf5 22. Be4 Rg5 23. Rad1 Qxb2 24. Qxb2 Bxb2 25. Rd7+ Kh8 26. Rxb7 Rg8 27. Rd1 Rg7 28. Rb6 Kh7 29. Rdd6 Be5 30. Re6 Bd4 31. Rbd6 Bc5 32. Rc6 Bd4 33. Kg2 Re5 34. Bxg6+ Kh8 35. Rxe5 Bxe5 36. Be4 Rd7 37. Rxh6+ Kg8 38. Rh5 Bc3 39. Bd5+ Kg7 40. Rf5 Ra7 41. h4 a4 42. bxa4 Rxa4 43. Rf7+ Kg6 44. Rc7 Be5 45. Rc6+ Kg7 46. h5 Rd4 47. Bb3 Rd2 48. h6+ Kh8 49. Bc2 Kg8 50. h7+ Kf7 51. Rc8 Bd4 52. Bb3+ 1-0

[Event "Paington op"]
[Site "Paington"]
[Date "2008.09.02"]
[Round "3"]
[White "Wheeler, John Francis"]
[Black "Mordue, A Tyson"]
[Result "1/2-1/2"]
[WhiteElo "2125"]
[BlackElo "2298"]
[PlyCount "70"]
[EventDate "2008.08.31"]
[EventType "swiss"]
[EventRounds "7"]
[EventCountry "ENG"]
[SourceTitle "EXT 2010"]
[Source "ChessBase"]
[SourceDate "2010.11.25"]
[SourceVersion "1"]
[SourceVersionDate "2010.11.25"]
[SourceQuality "1"]

1. f4 g6 2. Nf3 Bg7 3. g3 d6 4. d4 Nf6 5. Bg2 0-0 6. 0-0 Nc6 7. Nc3 d5 8. Ne5 Bf5 9. a3 e6 10. h3 Be4 11. Nxc6 bxc6 12. Nxe4 Nxe4 13. Bxe4 dxe4 14. Be3 c5 15. dxc5 Bxb2 16. Rb1 Qf6 17. Qe1 Rfd8 18. Qb4 Bd4 19. Bxd4 Rxd4 20. Qb7 Rad8 21. Qxc7 Rd2 22. Qe5 Qxe5 23. fxe5 Rxe2 24. Rb7 Rxc2 25. Rfxf7 Rd1+ 26. Rf1 Rd3 27. Rff7 Rxg3+ 28. Kf1 Rf3+ 29. Rxf3 exf3 30. Rxa7 g5 31. Re7 Rxc5 32. Rxe6 Kg7 33. Kf2 Rc3 34. a4 Ra3 35. Rf6 Rxa4 1/2-1/2

[Event "BCF-chT4 0708 (4NCL)"]
[Site "England"]
[Date "2008.05.03"]
[Round "9.2"]
[White "Adams, Mark"]
[Black "Mordue, A Tyson"]
[Result "1-0"]
[WhiteElo "2019"]
[BlackElo "2302"]
[PlyCount "63"]
[EventDate "2007.09.15"]
[EventType "team-swiss"]
[EventRounds "11"]
[EventCountry "ENG"]
[SourceTitle "EXT 2009"]
[Source "ChessBase"]
[SourceDate "2008.11.26"]
[SourceVersion "1"]
[SourceVersionDate "2008.11.26"]
[SourceQuality "1"]
[WhiteTeam "Pontypridd"]
[BlackTeam "Braille Chess Association"]
[WhiteTeamCountry "ENG"]
[BlackTeamCountry "ENG"]

1. e4 c5 2. Nf3 d6 3. d4 cxd4 4. Nxd4 Nf6 5. Nc3 a6 6. Be2 e6 7. Be3 Be7 8. 0-0 0-0 9. f4 Qc7 10. g4 d5 11. exd5 Nxd5 12. Nxd5 exd5 13. Bd3 Nd7 14. Qf3 Bc5 15. c3 Nf6 16. f5 Re8 17. g5 Ne4 18. Rae1 b5 19. Kh1 Rf8 20. Qh5 g6 21. Qh6 Re8 22. Rf3 Bf8 23. Qh4 Qe7 24. Ref1 h5 25. fxg6 fxg6 26. Nc6 Qc7 27. Bxe4 Qxc6 28. Rf6 Qc4 29. Rxg6+ Bg7 30. Rxg7+ Kxg7 31. Bd4+ Kg8 32. Bh7+ 1-0

[Event "BCF-chT4 0708 (4NCL)"]
[Site "England"]
[Date "2008.03.15"]
[Round "7.2"]
[White "Quinn, John M"]
[Black "Mordue, A Tyson"]
[Result "0-1"]
[WhiteElo "2164"]
[BlackElo "2302"]
[PlyCount "80"]
[EventDate "2007.09.15"]
[EventType "team-swiss"]
[EventRounds "11"]
[EventCountry "ENG"]
[SourceTitle "EXT 2009"]
[Source "ChessBase"]
[SourceDate "2008.11.26"]
[SourceVersion "1"]
[SourceVersionDate "2008.11.26"]
[SourceQuality "1"]
[WhiteTeam "Athenaeum"]
[BlackTeam "Braille Chess Association"]
[WhiteTeamCountry "ENG"]
[BlackTeamCountry "ENG"]

1. d4 Nf6 2. c4 g6 3. Nc3 Bg7 4. e4 d6 5. Nf3 0-0 6. h3 e5 7. d5 Na6 8. Bg5 h6 9. Be3 Nc5 10. Nd2 a5 11. g4 c6 12. Be2 Bd7 13. h4 Rb8 14. a3 cxd5 15. cxd5 b5 16. b4 axb4 17. axb4 Na4 18. Nxa4 bxa4 19. Rb1 Qc8 20. Rc1 Qb7 21. g5 hxg5 22. hxg5 Nh7 23. Rb1 Bb5 24. Bc4 Rfc8 25. Qe2 Rxc4 26. Nxc4 Qa6 27. Rc1 Rc8 28. f4 exf4 29. Bxf4 Rxc4 30. Rxc4 Bxc4 31. Qh2 Nf8 32. Bxd6 Qb6 33. Bc5 Qd8 34. Qh4 a3 35. Kf2 a2 36. e5 Qxd5 37. Bd4 Ne6 38. Bc3 Qd3 39. Rh3 Qf1+ 40. Kg3 Qg1+ 0-1

[Event "Paignton op"]
[Site "Paignton"]
[Date "2007.09.05"]
[Round "4"]
[White "Mordue, A Tyson"]
[Black "Arkell, Keith C"]
[Result "0-1"]
[WhiteElo "2298"]
[BlackElo "2479"]
[PlyCount "86"]
[EventDate "2007.09.02"]
[EventType "swiss"]
[EventRounds "7"]
[EventCountry "ENG"]
[SourceTitle "EXT 2008"]
[Source "ChessBase"]
[SourceDate "2007.11.25"]
[SourceVersion "1"]
[SourceVersionDate "2007.11.25"]
[SourceQuality "1"]

1. e4 c5 2. Nf3 e6 3. d4 cxd4 4. Nxd4 Nc6 5. Nc3 a6 6. g3 Nxd4 7. Qxd4 Ne7 8. Be3 b5 9. Bg2 Nc6 10. Qd2 Ne5 11. Qe2 Qc7 12. 0-0 Be7 13. Rad1 0-0 14. f4 Nc4 15. Bc1 Bb7 16. b3 Nb6 17. Bb2 b4 18. Nb1 a5 19. Qg4 f6 20. c4 bxc3 21. Nxc3 a4 22. Kh1 axb3 23. axb3 Qc5 24. Ra1 Qb4 25. Rab1 Rfc8 26. Rfc1 Bc5 27. Na4 Be7 28. Nxb6 Qxb6 29. Qd1 Bc6 30. Bd4 Qb7 31. Qe2 Ra3 32. Qc4 Rb8 33. f5 Bxe4 34. Rb2 Bxg2+ 35. Rxg2 Ra2 36. Rcc2 Rxc2 37. Qxc2 Qxb3 38. Qc7 Qb4 39. Bg1 Qb7 40. Qc4 Rc8 41. Qa2 Ra8 42. Qc4 d5 43. Qe2 e5 0-1

[Event "BCF-chT4 0607 (4NCL)"]
[Site "Sunningdale"]
[Date "2007.02.10"]
[Round "5.1"]
[White "Mordue, A Tyson"]
[Black "Pugh, Derek"]
[Result "1/2-1/2"]
[WhiteElo "2297"]
[BlackElo "2155"]
[PlyCount "50"]
[EventDate "2006.09.16"]
[EventType "team"]
[EventRounds "11"]
[EventCountry "ENG"]
[SourceTitle "EXT 2008"]
[Source "ChessBase"]
[SourceDate "2007.11.25"]
[SourceVersion "1"]
[SourceVersionDate "2007.11.25"]
[SourceQuality "1"]
[WhiteTeam "Braille Chess Association"]
[BlackTeam "Grendel's Mother"]
[WhiteTeamCountry "ENG"]
[BlackTeamCountry "ENG"]

1. e4 Nc6 2. Nf3 e5 3. Bb5 Nd4 4. Nxd4 exd4 5. 0-0 c6 6. Bc4 Nf6 7. d3 d5 8. exd5 Nxd5 9. Re1+ Be7 10. c3 0-0 11. Bxd5 cxd5 12. cxd4 Bf6 13. Be3 Qb6 14. Nc3 Be6 15. Qb3 Bxd4 16. Qxb6 Bxb6 17. Bxb6 axb6 18. d4 Rfc8 19. f3 Rc4 20. Red1 Kf8 21. Rd2 Ra5 22. Rc1 b5 23. a3 b4 24. axb4 Rxb4 25. Kf2 Ke7 1/2-1/2

[Event "South Wales Winter op"]
[Site "Newport"]
[Date "2007.01.06"]
[Round "2"]
[White "Abbott, Mark V"]
[Black "Mordue, A Tyson"]
[Result "0-1"]
[WhiteElo "1888"]
[BlackElo "2152"]
[PlyCount "135"]
[EventDate "2007.01.05"]
[EventType "swiss"]
[EventRounds "5"]
[EventCountry "WLS"]
[SourceTitle "EXT 2008"]
[Source "ChessBase"]
[SourceDate "2007.11.25"]
[SourceVersion "1"]
[SourceVersionDate "2007.11.25"]
[SourceQuality "1"]

1. d4 Nf6 2. c4 g6 3. Nc3 Bg7 4. e4 d6 5. Nf3 0-0 6. Be2 e5 7. 0-0 Na6 8. d5 Nc5 9. Bg5 h6 10. Bxf6 Qxf6 11. b4 Nd7 12. Qd2 Qd8 13. Ne1 a5 14. bxa5 Rxa5 15. Nd3 Ra8 16. a4 Qe7 17. a5 f5 18. f3 Kh7 19. Na4 Bf6 20. c5 dxc5 21. Qc3 b6 22. axb6 cxb6 23. Rfb1 fxe4 24. fxe4 Bg5 25. Nf2 Rb8 26. Ra2 Ra8 27. Rbb2 Qd6 28. Bg4 Bd8 29. Be2 Nf6 30. Qb3 Rf7 31. Nc3 Rxa2 32. Rxa2 Bd7 33. Ra7 Kg7 34. Bb5 Nh5 35. Nd3 Qf6 36. Ra1 Nf4 37. Nxf4 Qxf4 38. Qc2 Qe3+ 39. Kh1 Bxb5 40. Nxb5 Rf2 41. Qa4 h5 42. Nd6 Qg5 43. Qd7+ Qe7 44. Qxe7+ Bxe7 45. Kg1 Rf8 46. Nc4 b5 47. Nxe5 Bf6 48. Ra7+ Kg8 49. Nc6 Re8 50. Rb7 b4 51. Rb5 Rxe4 52. Rxc5 b3 53. Rb5 b2 54. Kf2 Rc4 55. Rb8+ Kg7 56. Rb7+ Kh6 57. Nd8 Bxd8 58. Rxb2 Rd4 59. Rb5 Rd2+ 60. Kf3 Kg5 61. h3 h4 62. d6+ Kf6 63. Rb8 Rxd6 64. Kg4 Rd4+ 65. Kf3 Kf5 66. Rb5+ Ke6 67. Rc5 Rd5 68. Rc6+ 0-1

[Event "South Wales Winter op"]
[Site "Newport"]
[Date "2007.01.06"]
[Round "3"]
[White "Mordue, A Tyson"]
[Black "Turner, Joseph David"]
[Result "1-0"]
[WhiteElo "2152"]
[BlackElo "1983"]
[PlyCount "71"]
[EventDate "2007.01.05"]
[EventType "swiss"]
[EventRounds "5"]
[EventCountry "WLS"]
[SourceTitle "EXT 2008"]
[Source "ChessBase"]
[SourceDate "2007.11.25"]
[SourceVersion "1"]
[SourceVersionDate "2007.11.25"]
[SourceQuality "1"]

1. e4 e5 2. Nf3 d5 3. exd5 Bd6 4. d4 e4 5. Ne5 Nf6 6. Bb5+ Bd7 7. Nxd7 Nbxd7 8. Nc3 a6 9. Bxd7+ Qxd7 10. 0-0 0-0-0 11. Bg5 Qf5 12. Qd2 h6 13. Bxf6 gxf6 14. f3 Qh5 15. f4 f5 16. Nd1 Rhg8 17. Ne3 Rg7 18. c4 Be7 19. Rad1 Rdg8 20. Rc1 Qg6 21. c5 h5 22. d6 Bd8 23. dxc7 Bxc7 24. d5 h4 25. d6 Bd8 26. Kh1 Qe6 27. Rf2 Rg3 28. Re2 R3g7 29. c6 Bb6 30. Nd5 Ba7 31. d7+ Kd8 32. c7+ Kxd7 33. c8Q+ Rxc8 34. Nb6+ Ke7 35. Nxc8+ Ke8 36. Nd6+ 1-0